000
00215 a2200097 4500
001
34545
100
_a
Hutchison, S.E
245
_a
Microsoft Access 2000
260
_a
Ny
_b
McGraw Hill
_c
2000
090
_c
22828
_d
22828
942
_a
NUST-CAE
_c
M
_c
14256
999
_c
269618
_d
269618